000
00344nam a2200145Ia 4500
008
150201s2004 xx 000 0 und d
082
_a
612.08
_b
N2004S
100
_a
EDWARDS,SUSAN
245
_a
NEUROLOGICAL PHYSIOTHERAPY
250
_a
2ND
260
_b
ELSEVIER
_a
DELHI
_c
2004
300
_a
1-291
650
_a
PHYSIOTHERAPY
942
_2
ddc
_c
BK
999
_c
4326
_d
4326